Normal view
MARC view
- الانساب العربية- القبائل العربية
Entry Topical Term
001 - CONTROL NUMBER
- control field: 17688
003 - CONTROL NUMBER IDENTIFIER
- control field: JO-AjAnu
005 - DATE AND TIME OF LATEST TRANSACTION
- control field: 20230606073123.0
008 - FIXED-LENGTH DATA ELEMENTS
- fixed length control field: 230606|| aca||aabn | a|a d
040 ## - CATALOGING SOURCE
- Original cataloging agency: JO-AjAnu
- Transcribing agency: JO-AjAnu
150 ## - HEADING--TOPICAL TERM
- Topical term or geographic name entry element: الانساب العربية- القبائل العربية
670 ## - SOURCE DATA FOUND
- Source citation: Work cat.: (JO-AjAnu)9086: الحازمي ؛ ابن شدقم ؛ تقديم وتحقيق وتعليق: محمد زينهم، محمد عزت، عائشة التهامي، مديحة الشرقاوي, author 17687, عجالة المبتدئ وفضالة المنتهى في النسب يليه نخبة الزهرة الثمينة في نسب أشراف المدينة